000 00648cam a22002293a 4500
001 26859
003 PGUSA
005 20140828083559.0
008 081009s2008||||xxu|||||s|||||000 | eng d
040 _aPGUSA
_beng
042 _adc
050 4 _aDC
100 1 _aMichelet, Jules,
_d1798-1874
245 1 0 _aHistoire de France 1724-1759 (Volume 18/19)
_h[electronic resource] /
_cJules Michelet
260 _bProject Gutenberg,
_c2008
506 _aPublic domain in the USA.
516 _aElectronic text
653 _aFrance -- History
830 0 _aProject Gutenberg
_v26859
856 4 0 _uhttp://www.gutenberg.org/ebooks/26859
942 _cEB
999 _c256114
_d256114